000
00343 a2200157 4500
001
187700
020
_a
978-85-7635-781-0
040
_c
Magnum
100
_a
Viana, Maria
240
1
0
_a
Quadras ao gosto popular
_l
por
245
1
0
_a
Quadras ao gosto popular
300
_a
32
362
0
_a
2010
697
_a
LITERATURA INFANTO
942
_c
BK
999
_c
187700
_d
187700